| 000 | 00351nam a22001577a 4500 | ||
|---|---|---|---|
| 003 | SGT | ||
| 020 | _a9789388902755 | ||
| 082 |
_a611 _bH21C |
||
| 100 | _aCHAURASIA, BD | ||
| 245 | _aHUMAN ANATOMY: HEAD AND NECK VOLUME-III | ||
| 250 | _a8TH | ||
| 260 |
_aINDIA _bCBS PUB _c2021 |
||
| 300 | _a365 | ||
| 650 | _aHUMAN ANATOMY | ||
| 942 |
_2ddc _cBK _016 |
||
| 999 |
_c20996 _d20996 |
||